<?xml version="1.0" encoding="UTF-8"?><?xml-stylesheet type="text/xsl" href="static/style.xsl"?><OAI-PMH xmlns="http://www.openarchives.org/OAI/2.0/" xmlns:xsi="http://www.w3.org/2001/XMLSchema-instance" xsi:schemaLocation="http://www.openarchives.org/OAI/2.0/ http://www.openarchives.org/OAI/2.0/OAI-PMH.xsd"><responseDate>2026-04-14T02:49:45Z</responseDate><request verb="GetRecord" identifier="oai:www.recercat.cat:2445/226961" metadataPrefix="marc">https://recercat.cat/oai/request</request><GetRecord><record><header><identifier>oai:recercat.cat:2445/226961</identifier><datestamp>2026-04-07T21:16:08Z</datestamp><setSpec>com_2072_1057</setSpec><setSpec>col_2072_478798</setSpec><setSpec>col_2072_478917</setSpec></header><metadata><record xmlns="http://www.loc.gov/MARC21/slim" xmlns:dcterms="http://purl.org/dc/terms/" xmlns:xsi="http://www.w3.org/2001/XMLSchema-instance" xmlns:doc="http://www.lyncode.com/xoai" xsi:schemaLocation="http://www.loc.gov/MARC21/slim http://www.loc.gov/standards/marcxml/schema/MARC21slim.xsd">
   <leader>00925njm 22002777a 4500</leader>
   <datafield ind2=" " ind1=" " tag="042">
      <subfield code="a">dc</subfield>
   </datafield>
   <datafield ind2=" " ind1=" " tag="720">
      <subfield code="a">Guarga, Laura</subfield>
      <subfield code="e">author</subfield>
   </datafield>
   <datafield ind2=" " ind1=" " tag="720">
      <subfield code="a">Paco, Noelia</subfield>
      <subfield code="e">author</subfield>
   </datafield>
   <datafield ind2=" " ind1=" " tag="720">
      <subfield code="a">Manchon Walsh, Paula</subfield>
      <subfield code="e">author</subfield>
   </datafield>
   <datafield ind2=" " ind1=" " tag="720">
      <subfield code="a">Vela, Emili</subfield>
      <subfield code="e">author</subfield>
   </datafield>
   <datafield ind2=" " ind1=" " tag="720">
      <subfield code="a">Delgadillo, Joaquim</subfield>
      <subfield code="e">author</subfield>
   </datafield>
   <datafield ind2=" " ind1=" " tag="720">
      <subfield code="a">Pontes, Caridad</subfield>
      <subfield code="e">author</subfield>
   </datafield>
   <datafield ind2=" " ind1=" " tag="720">
      <subfield code="a">Borràs Andrés, Josep Maria</subfield>
      <subfield code="e">author</subfield>
   </datafield>
   <datafield ind2=" " ind1=" " tag="260">
      <subfield code="c">2026-02-17T11:17:25Z</subfield>
   </datafield>
   <datafield ind2=" " ind1=" " tag="260">
      <subfield code="c">2026-02-17T11:17:25Z</subfield>
   </datafield>
   <datafield ind2=" " ind1=" " tag="260">
      <subfield code="c">2023</subfield>
   </datafield>
   <datafield ind2=" " ind1=" " tag="260">
      <subfield code="c">2026-02-17T11:17:26Z</subfield>
   </datafield>
   <datafield ind2=" " ind1=" " tag="520">
      <subfield code="a">Abstract: Aim: Few published studies comprehensively describe the characteristics of patients with pancreatic cancer and their treatment in clinical practice. This study aimed to describe the current clinical practice for treating pancreatic cancer in Catalonia, along with the associated survival and treatment costs. Methods: A retrospective observational cohort study in patients diagnosed with pancreatic cancer from 2014 to 2018, using data from the healthcare records of the Public Health System of Catalonia, was conducted. Treatment patterns and costs were described by age groups&lt;/p>&lt;p>from 2014 to 2018, with survival reported until December 2021. Results: The proportion of patients receiving surgery with curative intent was low, especially in older patients (23% of patients &lt;60 years and 9% of patients 80 years). The percentage of patients treated with drugs for unresectable disease also decreased with age (45% of patients &lt;60 years and 8% of patients 80 years). Although age was associated with significant differences in survival after curative surgery, no differences attributable to age were observed in patients who received pharmacological treatment for unresectable disease. In patients under 60 years of age, the mean cost of the first year of treatment was EUR 17,730 (standard&lt;/p>&lt;p>deviation [SD] 5754) in those receiving surgery and EUR 5398 (SD 9581) in those on pharmacological treatment for unresectable disease. In patients over 80, the mean costs were EUR 15,339 (SD 2634)  and EUR 1845 (SD 3413), respectively. Conclusions: Half of the patients diagnosed with pancreatic cancer did not receive specific treatment. Surgery with curative intent was associated with longer survival, but only 18% of (mostly younger) patients received this treatment. Chemotherapy was also used less frequently in patients of advanced age, though survival in treated patients was comparable across all age groups, so careful oncogeriatric assessment is advisable to ensure the most appropriate indication for eligibility in older patients. In general, earlier diagnosis and more effective pharmacological treatments are necessary to treat frail patients with high comorbidity, a common profile in older patients.</subfield>
   </datafield>
   <datafield tag="653" ind2=" " ind1=" ">
      <subfield code="a">Càncer de pàncrees</subfield>
   </datafield>
   <datafield tag="653" ind2=" " ind1=" ">
      <subfield code="a">Pancreatitis</subfield>
   </datafield>
   <datafield tag="653" ind2=" " ind1=" ">
      <subfield code="a">Pancreatografia</subfield>
   </datafield>
   <datafield tag="653" ind2=" " ind1=" ">
      <subfield code="a">Pancreas cancer</subfield>
   </datafield>
   <datafield tag="653" ind2=" " ind1=" ">
      <subfield code="a">Pancreatitis</subfield>
   </datafield>
   <datafield tag="653" ind2=" " ind1=" ">
      <subfield code="a">Pancreatography</subfield>
   </datafield>
   <datafield ind2="0" ind1="0" tag="245">
      <subfield code="a">Management, survival, and costs of pancreatic cancer: Popupation-Based observational study in Catalonia</subfield>
   </datafield>
</record></metadata></record></GetRecord></OAI-PMH>